Las almas muertas : / (Record no. 11902)
[ view plain ]
| 000 -CABECERA | |
|---|---|
| campo de control de longitud fija | 00753nam a2200229 a 4500 |
| 001 - NÚMERO DE CONTROL | |
| campo de control | 000012244 |
| 003 - IDENTIFICADOR DEL NÚMERO DE CONTROL | |
| campo de control | OSt |
| 005 - FECHA Y HORA DE LA ÚLTIMA TRANSACCIÓN | |
| campo de control | 20201002100817.0 |
| 008 - DATOS DE LONGITUD FIJA--INFORMACIÓN GENERAL | |
| campo de control de longitud fija | 091107s1972 sp 000 0 spa d |
| 040 ## - FUENTE DE LA CATALOGACIÓN | |
| Centro catalogador/agencia de origen | DO-SdBNP |
| Lengua de catalogación | spa |
| Centro/agencia transcriptor | BNPHU |
| 082 ## - NÚMERO DE LA CLASIFICACIÓN DECIMAL DEWEY | |
| Número de clasificación | 891.73 |
| Número de documento/Ítem | G613a |
| 100 1# - ENTRADA PRINCIPAL--NOMBRE DE PERSONA | |
| Nombre de persona | Gógol, Nikolái Vasílievich, |
| Fechas asociadas al nombre | 1809-1852. |
| 9 (RLIN) | 28895 |
| 245 14 - MENCIÓN DE TÍTULO | |
| Título | Las almas muertas : / |
| Mención de responsabilidad, etc. | Nikolái Vasílievich Gógol ; traductor, Irene Tchernowa. |
| Resto del título | las aventuras de Chichiko |
| 260 ## - PUBLICACIÓN, DISTRIBUCIÓN, ETC. | |
| Lugar de publicación, distribución, etc. | Barcelona : |
| Nombre del editor, distribuidor, etc. | Ramón Sopena, |
| Fecha de publicación, distribución, etc. | 1972. |
| 300 ## - DESCRIPCIÓN FÍSICA | |
| Extensión | 381, [13] p. ; |
| Dimensiones | 18 cm. |
| 490 1# - MENCIÓN DE SERIE | |
| Mención de serie | Biblioteca Sopena |
| Designación de volumen o secuencia | 61/3 |
| 590 ## - NOTA LOCAL (RLIN) | |
| Nota local | Inventariado, 2020 / DG |
| 650 #4 - PUNTO DE ACCESO ADICIONAL DE MATERIA--TÉRMINO DE MATERIA | |
| Término de materia o nombre geográfico como elemento de entrada | Novela rusa |
| 9 (RLIN) | 4742 |
| 650 #4 - PUNTO DE ACCESO ADICIONAL DE MATERIA--TÉRMINO DE MATERIA | |
| Término de materia o nombre geográfico como elemento de entrada | Literatura rusa |
| Subdivisión cronológica | SIGLO XIX |
| 9 (RLIN) | 19890 |
| 910 ## - DATOS DE OPCIÓN DEL USUARIO (OCLC) | |
| Datos de opción del usuario | Inventariado, 2020 / DG |
| 942 ## - ELEMENTOS DE PUNTO DE ACCESO ADICIONAL (KOHA) | |
| Fuente del sistema de clasificación o colocación | Dewey Decimal Classification |
| Tipo de ítem Koha | Libros y folletos |
| Estado de retiro | Estado de pérdida | Fuente del sistema de clasificación o colocación | Restricciones de uso | No para préstamo | Código de colección | Localización permanente | Ubicación/localización actual | Ubicación en estantería | Fecha de adquisición | Fuente de adquisición | Número de inventario | Total de préstamos | Signatura topográfica completa | Código de barras | Fecha visto por última vez | Precio válido a partir de | Tipo de ítem Koha | Número de copia |
|---|---|---|---|---|---|---|---|---|---|---|---|---|---|---|---|---|---|---|
| Dewey Decimal Classification | Excluido de préstamo | Monografías: Libros y Folletos | General | General | En catalogación | 07.11.2009 | Donaciòn | LF1 | 891.73 G613a | 12244-10 | 25.06.2020 | 25.06.2020 | No se presta | |||||
| Dewey Decimal Classification | Excluido de préstamo | Monografías: Libros y Folletos | General | General | En catalogación | 07.11.2009 | Donaciòn | LF1 | 891.73 G613a | 12244-20 | 25.06.2020 | 25.06.2020 | No se presta | e. 2 | ||||
| Extraviado | Monografías: Libros y Folletos | Patrimonio Dominicano | Patrimonio Dominicano | Extraviado | 20.04.2017 | LF1 | 891.73 G613a | 12244-30 | 25.06.2020 | 25.06.2020 | Préstamo en sala | e. 3 |
